00243nam a2200097Ia 4500008004100000100001900041245005300060260001100113260000900124546001200133170619s9999 xx 000 0 und d aCady- Fredrick 0aPrinciples of Microcomputers and Microcontroller bOxford c2010 aENGLISH